| 000 | 00651nam a2200181Ia 4500 | ||
|---|---|---|---|
| 005 | 20250423101424.0 | ||
| 008 | 250422s9999 xx 000 0 und d | ||
| 020 | _a9780486425177 | ||
| 050 | _aPS 3505 .C34/ | ||
| 100 | _aCahan, Abraham | ||
| 245 | 4 | _aThe rise of David Levinsky | |
| 260 | _aNew York | ||
| 260 | _bDover publications, Inc. | ||
| 260 | _c2002 | ||
| 300 | _a372 p | ||
| 650 | _aJews--New York (State)--New York--Fiction. Assimilation (Sociology)--Fiction. Jews--Russia--Fiction. Clothing trade--Fiction. Millionaires--Fiction. Immigrants--Fiction. Jewish men--Fiction. Lower East Side (New York, N.Y.)--Fiction. | ||
| 942 | _cBK | ||
| 999 |
_c36256 _d36256 |
||